| 000 | 00418nam a2200157Ia 4500 | ||
|---|---|---|---|
| 999 |
_c10749 _d10749 |
||
| 008 | 191201s2011 xx 000 0 und d | ||
| 082 |
_a320.954 _bJAO |
||
| 100 | _aJAYAL, Niraja Gopal | ||
| 245 | 0 | _aThe Oxford Companion to Politics in India | |
| 250 | _a8th Imp | ||
| 260 |
_aNew Delhi _bOxford University Press _c2020 |
||
| 300 | _a618 | ||
| 650 | _aBA GEN | ||
| 700 | _aMEHTA, Pratap Bhanu | ||
| 942 |
_2ddc _cBK _01 |
||